Miasta Aglomeracji Szczecińskiej. - Statystyki

Ogólne statystyki
  • Ten quiz został rozwiązany 220 razy
  • Średni wynik to 6 z 8
Statystyki odpowiedzi
Ludność Miasto % Poprawnych
400 900 Szczecin
98%
32 490 Police
95%
67 837 Stargard
91%
22 553 Goleniów
81%
21 393 Gryfino
81%
40 864 Świnoujście
66%
1 192 Nowe Warpno
41%
2 463 Stepnica
26%
Nie znaleziono quizów pasujących do podanych kryteriów
Rozkład punktacji
Procent ludzi z każdym wynikiem
Percentyl według liczby udzielonych odpowiedzi
Twoja historia wyników
Nie rozwiązałeś tego quizu